| 000 | 01182cab a2200253 4500 | ||
|---|---|---|---|
| 001 | WB2721-35 | ||
| 008 | 090401t1991 xxu||||| |||| 00| 0 eng d | ||
| 035 | _a(Sirsi) u60213 | ||
| 041 | _aeng | ||
| 245 | _aDevelopment in the green belt | ||
| 260 | _c1991 | ||
| 350 | _a0 | ||
| 490 |
_aEGCS _v1991 58 (25/5/91) |
||
| 520 | _aIn McLaren v SoS for the Environment and another , QBD 14 May 1991, it was held that as the protection of the green belt from inappropriate development must represent an interest of acknowledged importance, then the changes before the inspector should be found to be inconsistent with policy aims and open to strong objection. He was also entitled to find that a commercial use of the site would detract from the pleasant qualities of the locality to an unwarranted extent, and to be quite inconsistent with green belt objectives. | ||
| 650 | _aCHANGE OF USE | ||
| 650 | _aFARM BUILDINGS | ||
| 650 | _aLAW CASES | ||
| 650 | _aPLANNING POLICY GUIDANCE NOTE 2 | ||
| 650 | _aPLANNING POLICY GUIDANCE NOTE 2 (GREEN BELTS) | ||
| 650 | _aREDUNDANT BUILDINGS | ||
| 690 | _aPLANNING LAW AND PRACTICE-CASE LAW | ||
| 942 | _n0 | ||
| 948 | _c04/03/1997 | ||
| 999 |
_c37096 _d37096 |
||